000 00458nam a2200133Ia 4500
005 20260328101450.0
008 260328s9999||||xx |||||||||||||| ||und||
100 _aRodríguez Veloza, Ana Graciela
245 0 _aEstrategias MedioAmbientales como herramientas de Diseño Sostenible en la Formación del Arquitecto /
_cAna Graciela Rodríguez Veloza
260 _bUniversidad La Gran Colombia
300 _a118 p.
650 _aARQUITECTURA Y CLIMA
942 _cBK
999 _c8612
_d8612